面積に対する駅数が多い/少ない市町村(1995年) - Statistics

General Stats
  • This quiz has been taken 9 times
  • The average score is 7 of 40
Answer Stats
都道府県 市町村 駅数 面積 駅密度 % Correct
大阪府 大阪市 196 220.66 1.126
100%
北海道 上川町 4 1049.24 262.31
50%
愛知県 西枇杷島町 5 3.36 0.672
38%
大阪府 田尻町 2 3.77 1.885
38%
高知県 高知市 67 144.68 2.159
38%
北海道 新得町 1 1067.38 1067.38
38%
北海道 芽室町 2 513.85 256.93
38%
北海道 斜里町 3 736.96 245.65
38%
愛知県 新川町 3 4.70 1.567
25%
大阪府 高石市 6 11.35 1.892
25%
奈良県 王寺町 3 7.00 2.333
25%
北海道 美幌町 1 438.52 438.52
25%
北海道 占冠村 2 571.33 285.67
25%
岐阜県 兼山町 2 2.61 1.305
13%
東京都 東村山市 9 17.16 1.907
13%
奈良県 三宅町 2 4.07 2.035
13%
東京都 府中市 13 29.34 2.257
13%
東京都 保谷市 4 9.05 2.263
13%
福岡県 粕屋町 6 14.11 2.352
13%
東京都 調布市 9 21.53 2.392
13%
神奈川県 鎌倉市 16 39.60 2.475
13%
北海道 丸瀬布町 1 510.13 510.13
13%
北海道 厚真町 1 404.48 404.48
13%
山形県 尾花沢市 1 372.51 372.51
13%
岩手県 住田町 1 334.83 334.83
13%
北海道 共和町 1 304.96 304.96
13%
北海道 芦別市 3 865.07 288.36
13%
北海道 留辺蘂町 2 564.69 282.35
13%
北海道 豊頃町 2 536.52 268.26
13%
香川県 牟礼町 11 16.46 1.496
0%
岐阜県 北方町 3 5.17 1.723
0%
愛知県 木曽川町 4 9.51 2.378
0%
新潟県 味方村 6 14.44 2.407
0%
福岡県 金田町 3 7.46 2.487
0%
栃木県 栗山村 1 427.37 427.37
0%
秋田県 田代町 1 306.77 306.77
0%
岩手県 大東町 1 278.71 278.71
0%
新潟県 村松町 1 253.07 253.07
0%
岐阜県 小坂町 1 247.50 247.50
0%
北海道 上富良野町 1 237.18 237.18
0%
No matching quizzes found
Score Distribution
Percent of People with Each Score
Percentile by Number Answered
Your Score History
You have not taken this quiz